पर्वतीय क्षेत्रों की महिलाएँ : (Record no. 27334)
[ view plain ]
| 000 -LEADER | |
|---|---|
| fixed length control field | 00767nam a2200157Ia 4500 |
| 041 ## - LANGUAGE CODE | |
| Language code of text/sound track or separate title | हिंदी |
| 082 ## - DEWEY DECIMAL CLASSIFICATION NUMBER | |
| Classification number | RP.0341 |
| 100 ## - MAIN ENTRY--AUTHOR NAME | |
| Personal name | पूनम |
| Affiliation | शहीद भगत सिंह गर्ल्स डिग्री कॉलेज |
| Place | मेरठ |
| 245 #0 - TITLE STATEMENT | |
| Title | पर्वतीय क्षेत्रों की महिलाएँ : |
| Sub Title | एक चुनौतीपूर्ण भूमिका में / |
| Statement of responsibility, etc | पूनम |
| 260 ## - PUBLICATION, DISTRIBUTION, ETC. (IMPRINT) | |
| Place of publication | नई दिल्ली : |
| Name of publisher/Sponsor | भारतीय सामाजिक विज्ञानं अनुसन्धान परिषद, |
| Year of publication | 2017 |
| 300 ## - PHYSICAL DESCRIPTION | |
| Number of Pages | 174 p. |
| 536 ## - FUNDING INFORMATION NOTE | |
| Funding Agency | Indian Council of Social Science Research |
| 546 ## - LANGUAGE NOTE | |
| Language note | Hindi |
| 650 ## - SUBJECT ADDED ENTRY--TOPICAL TERM | |
| Topical Term | Women |
| General subdivision | Social conditions |
| Geographic subdivision | India |
| 942 ## - ADDED ENTRY ELEMENTS (KOHA) | |
| Koha item type | Research Reports |
| Source of classification or shelving scheme | Dewey Decimal Classification |
| Withdrawn status | Lost status | Damaged status | Not for loan | Collection code | Home library | Current library | Date acquired | Source of acquisition | Full call number | Accession Number | Koha item type |
|---|---|---|---|---|---|---|---|---|---|---|---|
| Not For Loan | Minor Research project Reports | NASSDOC Library | NASSDOC Library | 17/12/2021 | Gifted by: RP Division ICSSR | RP.0341 | 51931 | Research Reports |
